000 01617nam a2200253Ia 4500
005 20170315083626.0
008 130821s1867 sp fr 1 spa
040 _aCo-BoUCM
_bspa
_cSandra Yazo (modificó)
_dSandra Yazo (modificó)
041 0 _aspa
082 0 4 _a291.2
_220
092 _aE06N032
100 1 _aNicolas, Auguste
_d1807-1888
_961448
245 1 3 _aEl arte de creer
_bó preparación filosófica a la fé cristiana
_cpor Augusto Nicolas ; precedida por un prólogo por Manuel Muñoz y Garnica ...
260 _aMadrid (España)
_bLibrería don Leocadio López
_bImprenta y estereotipia de M. Rivadeneira
_c1867
300 _a2 volúmenes (xvi, 482 ; 462 páginas)
_c22 x 15 cm.
500 _aDetalles físicos: Encuadernación rígida española en cartón forrado en cuero. Lomo con tejuelos y adornos en dorado. Tapas con raspaduras y dobleces. Guardas en papel de agua. Anteportada. Portada impresa en una sola tinta. Dedicatoria. Prólogo. Texto impreso en una sola tinta con varios tipos y tamaños de letra. Márgenes amplios. Algunas notas al pie de página. Al final índice y fe de erratas. V.1 bordes verticales con deterioro en tapas, anteportada desprendida y rota. V.2 pág. 34 rotura en esquina inferior
505 0 _aV.1: Libro I - II: Necesidad de creer ; Razón para creer -- V.2: Libro III - IV- Medio de creer ; Felicidad de creer
506 _aConsulta en sala
546 _aAlgunas expresiones en latín
650 7 _aApologética
_99245
650 7 _aFe y razón
_915615
_xAspectos religiosos
690 _aTeología
_925230
942 _cLIBRO
_a4
_e1
_2LOCAL
_hE06N032
999 _c70543
_d70543